| 000 | 01923cam a2200469 i 4500 | ||
|---|---|---|---|
| 001 | 2533 | ||
| 005 | 20250828094355.0 | ||
| 020 |
_a9780593109069 _q(paperback) |
||
| 020 |
_a0593109066 _q(paperback) |
||
| 020 | _a9780007523160 | ||
| 040 |
_aYDX _beng _cYDX _erda _dBDX _dZQP _dOCLCF _dDLC |
||
| 050 | 0 | 0 |
_aPZ7.G8233 _bLo 2019 |
| 082 | 0 | 4 |
_a813.54 _223 |
| 100 | 1 |
_aGreen, John _d1977- _eauthor. |
|
| 245 | 1 | 0 |
_aLooking for Alaska / _cJohn Green |
| 260 |
_aLondon : _bHarperCollins, _c2005 |
||
| 300 |
_a272 pages : _c21cm |
||
| 500 | _aFirst published in 2005. | ||
| 500 | _aIncludes reader's guide and excerpt from: Turtles all the way down. | ||
| 505 | _aT | ||
| 520 | _aSixteen-year-old Miles' first year at Culver Creek Preparatory School in Alabama includes good friends and great pranks, but is defined by the search for answers about life and death after a fatal car crash. | ||
| 521 |
_a850 _bLexile |
||
| 521 |
_aT _bRaz-Plus |
||
| 650 | 0 |
_aInterpersonal relations _vJuvenile fiction. |
|
| 650 | 0 |
_aBoarding schools _vJuvenile fiction. |
|
| 650 | 0 |
_aSchools _vJuvenile fiction. |
|
| 650 | 0 |
_aDeath _vJuvenile fiction. |
|
| 650 | 0 |
_aInterpersonal relations in adolescence _vJuvenile fiction. |
|
| 650 | 0 |
_aBoarding schools _zAlabama _vJuvenile fiction. |
|
| 650 | 0 |
_aTeenagers and death _vJuvenile fiction. |
|
| 650 | 0 | _aYoung adult fiction. | |
| 650 | 7 |
_aBoarding schools. _2fast _0(OCoLC)fst00835102 |
|
| 650 | 7 |
_aDeath. _2fast _0(OCoLC)fst00888613 |
|
| 650 | 7 |
_aInterpersonal relations. _2fast _0(OCoLC)fst00977397 |
|
| 650 | 7 |
_aInterpersonal relations in adolescence. _2fast _0(OCoLC)fst00977436 |
|
| 650 | 7 |
_aSchools. _2fast _0(OCoLC)fst01107958 |
|
| 650 | 7 |
_aTeenagers and death. _2fast _0(OCoLC)fst01145667 |
|
| 650 | 7 |
_aYoung adult fiction. _2fast _0(OCoLC)fst01183080 |
|
| 655 | 7 |
_aFiction. _2fast _0(OCoLC)fst01423787 |
|
| 906 |
_a7 _bcbc _ccopycat _d2 _encip _f20 _gy-gencatlg |
||
| 942 |
_2ddc _cBK _n0 |
||
| 999 |
_c2533 _d2533 |
||